Forging chivalric communities in Malory's Le morte Darthur (Record no. 187597)
[ view plain ]
| 000 -LEADER | |
|---|---|
| fixed length control field | 01597nam a2200397Ia 4500 |
| 100 1# - MAIN ENTRY--AUTHOR NAME | |
| Personal name | Hodges, Kenneth L. |
| 245 10 - TITLE STATEMENT | |
| Title | Forging chivalric communities in Malory's Le morte Darthur |
| 260 ## - PUBLICATION, DISTRIBUTION, ETC. (IMPRINT) | |
| Place of publication | New York : |
| Name of publisher | Palgrave Macmillan, |
| Year of publication | 2005. |
| 300 ## - PHYSICAL DESCRIPTION | |
| Number of Pages | 208 p. |
| 490 1# - SERIES STATEMENT | |
| Series statement | Studies in Arthurian and courtly cultures |
| 650 #0 - SUBJECT ADDED ENTRY--TOPICAL TERM | |
| Topical Term | Arthurian romances |
| Topical Term | Romances, English |
| Topical Term | Knights and knighthood in literature. |
| Topical Term | Kings and rulers in literature. |
| Topical Term | Communities in literature. |
| Topical Term | Chivalry in literature. |
| 856 40 - ELECTRONIC LOCATION AND ACCESS | |
| Uniform Resource Identifier | http://site.ebrary.com/lib/rucke/Doc?id=10135438 |
No items available.
